<?xml version="1.0" encoding="UTF-8"?><?xml-stylesheet type="text/xsl" href="static/style.xsl"?><OAI-PMH xmlns="http://www.openarchives.org/OAI/2.0/" xmlns:xsi="http://www.w3.org/2001/XMLSchema-instance" xsi:schemaLocation="http://www.openarchives.org/OAI/2.0/ http://www.openarchives.org/OAI/2.0/OAI-PMH.xsd"><responseDate>2026-04-28T21:11:42Z</responseDate><request verb="GetRecord" identifier="oai:uvadoc.uva.es:10324/4580" metadataPrefix="marc">https://uvadoc.uva.es/oai/request</request><GetRecord><record><header><identifier>oai:uvadoc.uva.es:10324/4580</identifier><datestamp>2021-06-29T09:45:08Z</datestamp><setSpec>com_10324_38</setSpec><setSpec>col_10324_852</setSpec></header><metadata><record xmlns="http://www.loc.gov/MARC21/slim" xmlns:doc="http://www.lyncode.com/xoai" xmlns:xsi="http://www.w3.org/2001/XMLSchema-instance" xmlns:dcterms="http://purl.org/dc/terms/" xsi:schemaLocation="http://www.loc.gov/MARC21/slim http://www.loc.gov/standards/marcxml/schema/MARC21slim.xsd">
<leader>00925njm 22002777a 4500</leader>
<datafield tag="042" ind1=" " ind2=" ">
<subfield code="a">dc</subfield>
</datafield>
<datafield tag="720" ind1=" " ind2=" ">
<subfield code="a">Espeso Renedo, María Teresa</subfield>
<subfield code="e">author</subfield>
</datafield>
<datafield tag="260" ind1=" " ind2=" ">
<subfield code="c">2013</subfield>
</datafield>
<datafield tag="520" ind1=" " ind2=" ">
<subfield code="a">Se trata de una propuesta dirigida a alumnos de 2º y 3º ciclo, que abarcará las edades de 8 a 12 años, de tal manera que podamos aprovechar los beneficios que las enseñanzas musicales tienen a estas edades. El grupo se forma por alumnos con necesidades educativas especiales pero también por todos aquellos compañeros que quieran recibir clases de música y movimiento.&#xd;
Lo que se pretende principalmente con este taller es conseguir el mayor grado de socialización posible, alcanzar una mayor autonomía y una mejora de las posibilidades personales (cognitivas, motrices, musicales…) así como una mejora y refuerzo a los conocimientos musicales ya adquiridos.</subfield>
</datafield>
<datafield tag="024" ind2=" " ind1="8">
<subfield code="a">http://uvadoc.uva.es/handle/10324/4580</subfield>
</datafield>
<datafield ind1=" " ind2=" " tag="653">
<subfield code="a">Música-Estudio y enseñanza</subfield>
</datafield>
<datafield ind1=" " ind2=" " tag="653">
<subfield code="a">Personas con discapacidad-Educación</subfield>
</datafield>
<datafield tag="245" ind1="0" ind2="0">
<subfield code="a">Taller de música y movimiento con alumnos con necesidades educativas especiales</subfield>
</datafield>
</record></metadata></record></GetRecord></OAI-PMH>